000
00310nam a22001337a 4500
008
170921b xxu||||| |||| 00| 0 eng d
020
_a
9780823002658
041
_a
eng
080
_a
7
100
_a
45
101
_a
ART
245
_a
THE BIG BOOK OF DECORATIVE PAINTING
_c
SHAW.J
942
_2
udc
_c
BK
999
_c
28663
_d
28663